000 00618nam a2200217Ia 4500
003 GCL
008 140319s9999 xx 000 0 ara d
040 _aGCL /
_cGCL
082 0 4 _a521
_bد د
100 1 _aعلى يوسف على
245 1 0 _aالدقائق الثلاث الاخيرة /
_cعلى يوسف على
700 1 _aدافيز، بول
700 1 _aهاشم احمد محمد
300 _a187 ص
490 _aالالف كتاب الثانى
_v0
650 0 4 _aالفلك
650 0 4 _aالكون
650 0 4 _aالفلك النظرى
650 0 4 _aالكونيات، علم
942 _2ddc
_cBK
999 _c49985
_d49985